1368 1889 1748 1088 1116 1233 1696 1257 1231 1354 1775 1592 1603 1274 1139 1546 1963 1269 1849 1818 1256 1298 1743 1177 1098 1342 1434 1611 1384 1452 1768 1030 1433 1441 1657 1247 1310 1866 1099 1026 1576 1070 1303 1046 1567 1209 1497 1064 1540 1211 1765 1110 1003 1128 1020 1300 1524 1606 1051 1513 1151 1953 1964 1578 1523 1701 1248 1364 1788 1354 1648 1403 1025 1999 1662 1695 1234 1461 1666 1702 1828 1477 1213 1328 1333 1808 1337 1152 1220 1439 1662 1695 1782 1094 1194 1636 1198 1098 1954 BCNSPRNW ULIB Ver.6.0+V

เปลี่ยนเป็นภาษาไทย

Change to English
 แสดงรายละเอียดบรรณานุกรม
  กลับหน้าหลัก

Brief Record : Get Marc (ISO 2709) : E-mail record : QR code < ปิดหน้าต่าง
LEADER : 00000nam 2200000uu 4500
001    13399112067
003     ULIB
008    110627s2553||||th 000 0 tha d
090    นว.^bก535T 2553
100 0  ก้าวไกล
245 00 The House บ้านเช่า...วิญญาณหลอน/^cก้าวไกล
250    พิมพ์ครั้งที่ 1
260    กรุงเทพฯ :^bโซฟา,^c2553
300    248 หน้า
710 1  โซฟา
945    ^p185^l0^i028066
995    ทศพร
999 ^a ใช้งานได้ทุกระบบ
รายการนี้ยังไม่มีแท็ก
คุณยังไม่ได้ล็อกอิน คุณสามารถมีกิจกรรมร่วมกับเว็บไซต์ได้ แต่ต้องล็อกอินก่อน ::
  ล็อกอิน

รายการสื่อสารสนเทศ

ลำดับที่ ประเภท เลขเรียก/บาร์โค้ด สถานที่ สถานะ
- ไม่พบข้อมูล -

BibComment


ยังไม่เคยถูกคอมเมนท์

คอมเมนท์ทรัพยากรรายการนี้
  คอมเมนท์: The House บ้านเช..


 Copyright 2026. Bcnsprnw @Library